000 01747nam a2200385Ia 4500
001 ebr10279027
003 CaPaEBR
006 m u
007 cr cn|||||||||
008 851003s1986 nyuab sb 001 0 eng d
010 _z 85025828
020 _z0195039688
020 _z9780195039689
040 _aCaPaEBR
_cCaPaEBR
035 _a(OCoLC)64769663
050 1 4 _aHE202
_b.S74 1986eb
100 1 _aSteele, Ian Kenneth.
245 1 4 _aThe English Atlantic, 1675-1740
_h[electronic resource] :
_ban exploration of communication and community /
_cIan K. Steele.
260 _aNew York :
_bOxford University Press,
_c1986.
300 _axii, 400 p. :
_bill., maps.
504 _aIncludes bibliographical references (p. 319-390) and index.
533 _aElectronic reproduction.
_bPalo Alto, Calif. :
_cebrary,
_d2009.
_nAvailable via World Wide Web.
_nAccess may be limited to ebrary affiliated libraries.
650 0 _aCommunication and traffic
_zNorth America
_xHistory.
650 0 _aCommunication and traffic
_zWest Indies, British
_xHistory.
650 0 _aBritish
_zAtlantic Ocean Region
_xHistory
_y17th century.
650 0 _aBritish
_zAtlantic Ocean Region
_xHistory
_y18th century.
651 0 _aGreat Britain
_xColonies
_zAmerica
_xHistory
_y17th century.
651 0 _aGreat Britain
_xColonies
_zAmerica
_xHistory
_y18th century.
651 0 _aGreat Britain
_xColonies
_xCommerce
_xHistory
_y17th century.
651 0 _aGreat Britain
_xColonies
_xCommerce
_xHistory
_y18th century.
651 0 _aGreat Britain
_xColonies
_zAmerica.
655 7 _aElectronic books.
_2local
710 2 _aebrary, Inc.
856 4 0 _uhttp://site.ebrary.com/lib/rucke/Doc?id=10279027
_zAn electronic book accessible through the World Wide Web; click to view
999 _c3746
_d3746